000 00631nam a22002297a 4500
003 UA-OsUOA
001 57698
007 ta
008 20081230b un ||||| |||| 00| 0 ukr d
100 _aКуц С.
090 _a061.235(477)
_bК88
942 _cBR
040 _aUA-OsUOA
_bukr
_cUA-OsUOA
_dUA-OsUOA
245 _aУкраїнська філантропія: традиції і реалії
_bАналітичний огляд
300 _a29 с.
955 _a1
041 _aukr
080 _a061.235(477)
260 _aК.
_bАБКМП
_c1997
650 7 _a0 Загальний відділ.
_2UDC
999 _c343782
_d343782